000 00458nam a22001697a 4500
005 20251108172536.0
008 250721s9999 xx 000 0 ara d
082 1 4 _a001.42/خول
100 1 _aخولي، محمد علي
245 1 0 _aكيف تكتب بحثاً /
264 1 _aعمان :
_bدار الفلاح للنشر،
300 _a170 ص
650 1 7 _aأساليب البحث
650 1 7 _aالأبحاث
942 _2ddc
_cBK
999 _c82065
_d82065